Fill in the Blank: Sailing-Derived Idioms - Statistics

General Stats
  • This quiz has been taken 18 times
  • The average score is 15 of 34
Answer Stats
Hint Answer % Correct
Most direct path between two points As the {crow} flies
93%
"Be quiet!" Pipe {down}
80%
Legitimate, honest, and open Above {board}
73%
Used to say that one will continue doing something until it is finished, no matter what ...to the {bitter} end
73%
Pretend not to notice Turn a {blind} eye
73%
A fresh start or an absence of commitments Clean {slate}
67%
Able to travel freely and do as one pleases; not confined by responsibilities {Foot}loose
67%
Slightly ill Under the {weather}
67%
Reveal one's real character or intentions, especially when disreputable or dishonorable Show one's {true} {colors}
60%
A phrase of resignation to monotonous work Another {day}, another {dollar}
53%
Crammed to capacity Chock-a-{block}
53%
To completely change a system so that it works more effectively Over{haul}
53%
Teach someone the basics of a new job, task, or activity Show the {ropes}
53%
"Finish your drink" {Bottoms} up
47%
Trying to control other people in an unpleasant way Over{bearing}
47%
A very tall building {Skyscraper}
47%
A piece of unexpected good fortune, typically a large sum of money {Wind}fall
47%
A person's appearance, style, or personality Cut of your {jib}
40%
Top quality First {rate}
40%
Accept the authority, principles, or policies of a particular group {Toe} the line
40%
(of an outcome, especially one that is desired) possible but very uncertain {Touch} and go
40%
Very rapidly (e.g. "making money ___ over ___") {Hand} over {fist}
33%
An unpredictable or uncontrolled person who is likely to cause unintentional damage {Loose} {cannon}
33%
Functioning normally after a period of difficulty On an even {keel}
33%
A fund or account used for miscellaneous income and expenses, particularly for corrupt or illegal purposes {Slush} fund
33%
In general By and {large}
27%
Left in a difficult position, especially without resources {High} and {dry}
27%
Organized; put in order {Squared} away
27%
To support or enable to survive temporarily, especially with money or food {Tide} over
27%
Fixed and definitive (e.g. " ___ and ___ rules") {Hard} and {fast}
20%
A crucial or key part of something Main{stay}
20%
Trying to do more than is possible (e.g. "government over__") Over{reach}
20%
Dazed or sluggish feeling {Groggy}
13%
Overcome; inundate Over{whelm}
13%
No matching quizzes found
Score Distribution
Percent of People with Each Score
Percentile by Number Answered
Your Score History
You have not taken this quiz